Countries with Multiplie Time Zones - Statistics

General Stats
  • This quiz has been taken 1,920 times
    234 since last reset
  • The average score is 17 of 22
Answer Stats
# Country % Correct
11 United States
99%
12 France
97%
11 Russia
97%
6 Canada
96%
4 Brazil
95%
9 United Kingdom
95%
9 Australia
92%
4 Mexico
89%
3 Indonesia
85%
2 Spain
83%
5 New Zealand
77%
2 D. R. Congo
76%
2 Portugal
74%
5 Denmark
72%
2 South Africa
70%
2 Mongolia
69%
2 Netherlands
68%
3 Kiribati
63%
3 Chile
59%
2 F. S. Micronesia
59%
2 Papua New Guinea
51%
2 Ecuador
44%
No matching quizzes found
Score Distribution
Percent of People with Each Score
Percentile by Number Answered
Your Score History
You have not taken this quiz since the last reset